| 000 | 00391nam a22001577a 4500 | ||
|---|---|---|---|
| 003 | OSt | ||
| 005 | 20260123105654.0 | ||
| 008 | 260123b |||||||| |||| 00| 0 eng d | ||
| 020 | _a9781423145844 | ||
| 040 | _cDisney Editions | ||
| 050 | _aGV 1853.3 .W34 | ||
| 245 |
_aBe our guest _cKinni, Theodore |
||
| 250 | _a1st ed | ||
| 260 |
_aLos Angeles _bDisney editions _c2011 |
||
| 942 |
_2ddc _cBK _n0 |
||
| 999 |
_c9904 _d9904 |
||